000 00827nam a2200265Ia 4500
003 OSt
005 20220925181840.0
006 a|||||r|||| 00| 0
007 ta
008 220923b |||||||| |||| 00| 0 eng d
020 _a0226259994
037 _cGeneral Book
040 _aRTL
_cRTL
_beng
041 _2eng
_aeng
082 _aX:54.420k49B.N9, N3
100 _aFrankel Jeffrey A Ed.
_9254895
245 0 _aRegionalism and revalry
_b Japan and the United Sta
260 _aChicago
_bUniveristy of Chicago Press
_c1993
300 _ax, 472p.
_ccm.
500 _aNational Bureau of Economic Research Report.
650 _aTrade
700 _a Kahler Miles Ed.
_9254896
942 _hX:54.420k49B.N9, N3
_cGB
_2CC
999 _c500465
_d500465